LEADER 00982nam a2200253 i 4500 001 000000151867 003 CaOOAMICUS 005 20060714000000.0 008 060714s1974 it u000 u fre u 013 $a129208 040 $aSeMil$bita 100 1 $aMargolin, Jean-Claude <1923- >.$0(OLS)http://semarc/name/30571 245 10$aBachelard /$cJean-Claude Margolin. 260 $a[Paris] :$bEd. du Seuil,$ccopyr. 1974. 300 $a189 p. :$briccamente ill. ;$c18 cm. 490 0 $aMicrocosme. Écrivains de toujours ;$v94 500 $aContiene : Bibliographie. - Fondo Ciprandi. 830 0$aMicrocosme. Écrivains de toujours ;$v94.$0(OLS)http://semarc/title/20950 850 $aSeMil 852 $aSeMil$W1$xVenegono$y1$m1V II 194$j103846$B103846$CSeMilBibl$Z2$F112897 $81 941 1 $a1 961 $aOmaggio: Ciprandi dott. Paolo 996 $6245$aBachelard$9(OLS)http://semarc/title/221968 996 $6260$a[Paris] :$bEd. du Seuil$9(OLS)http://semarc/publisher/34458 LEADER 00440nab a2200145 i 4500 001 000000309881 003 CaOOAMICUS 005 20180831173003.0 008 180831n xx uu u0 0und r 013 $a18976 040 $aSeMil$bita 100 1 $aPanizzi, Domenico.$0(OLS)http://semarc/name/11295 245 10$aRassegna politica. 773 0 $t[Luglio-Dicembre].$g384-388,479-484$w()273971 996 $6245$aRassegna politica$9(OLS)http://semarc/title/384766